| 000 | 00526nam a22001577a 4500 | ||
|---|---|---|---|
| 020 | _qHBK. | ||
| 082 | _a658 | ||
| 100 | _aAfzal, Maliha | ||
| 245 |
_aProcess Improvement: Streamlining Recruitment in Telecom Sector Through Process Efficiency, and Analysis of Variables _cMaliha Afzal. |
||
| 260 |
_aIslamabad : _bNBS - NUST, _c2012. |
||
| 300 |
_a48 p. : ill. ; _c30cm. |
||
| 650 |
_aMBA Thesis. _917629 |
||
| 700 |
_aMr. Kamran Khalid. _917555 |
||
| 942 |
_2ddc _cTHE |
||
| 999 |
_c527146 _d527146 |
||